| 000 | 00551nam a22002057a 4500 | ||
|---|---|---|---|
| 005 | 20251108174535.0 | ||
| 008 | 250721s2007 xx 000 0 eng d | ||
| 020 | _a1587284030 | ||
| 082 | 1 | 4 | _aR/J/912/ATL |
| 245 | 1 | 0 | _aChildren's atlas . COM / |
| 264 | 1 |
_aLONDON : _bWWW.TWO-CANPUBLISHING.COM, _c[ 2007 ]. |
|
| 300 | _a48 p. | ||
| 490 | 0 | _ainterfact refernce | |
| 650 | 1 | 7 | _aATLAS |
| 650 | 1 | 7 | _aCHILDREN |
| 653 | _aناشاون صغار ( 10 - 14 سنه ) | ||
| 710 | 2 | _aWEBSITE THAT WORK TOGETHER | |
| 942 |
_2ddc _cBK |
||
| 999 |
_c111796 _d111796 |
||